Statistiques concernant Films de Dreamworks Animated Pictures

Cliquez ici pour prendre le quiz!

Statistiques générales

  • Ce quiz a été pris 11 492 fois
  • Le résultat moyen est 11 sur 17

Statistiques - réponses

AnnéesDescriptionsFilms% Correct
2001Un ogre et un âne partent à l'aventure pour sauver une princesseShrek
98%
2005Des animaux d'un zoo New Yorkais sont envoyés vers une île africaineMadagascar
94%
2008Un animal chinois devient un maître d'arts martiauxKung Fu Panda
92%
2010Un adolescent viking devient ami avec un dragonDragon
91%
2017Un bébé parle comme un adulte et porte un costume de travailBaby Boss
88%
2011Un spin-off du film avec l'ogre dans lequel le protagoniste est un chatLe Chat potté
87%
2013L'ADN d'un escargot est modifié et il devient très rapideTurbo
74%
2013Une famille d'homme préhistoriques qui ne doit jamais quitter sa caverne jusqu'à ce qu'une fille des cavernes s'aventure courageusement dehorsLes Croods
66%
2004Un poisson nettoyeur fuit la mafia des requinsGang de requins
64%
2007Des insectes butineurs poursuivent l'Humanité en justiceBee Movie: Drôle d'abeille
60%
2010Un méchant superintelligent gagne, mais il s'ennuie ensuite et crée un nouveau super-héros pour lutter contre luiMegamind
58%
2000Des oiseaux doivent s'échapper d'une ferme avant d'être transformés en tarteChicken Run
49%
1998Le premier film de Dreamworks, accusé d'être un plagiat de "1001 pattes" de DisneyFourmiz
49%
2016De méchantes créatures laides ne peuvent se sentir heureuses que lorsqu'elles mangent une petite créature heureuse aux cheveux arc-en-cielTrolls
49%
2006Un raton laveur, un écureuil et d'autres animaux divers ont des aventures dans un lotissement de banlieueNos voisins, les Hommes
39%
2015La Terre est envahie par de mignons extraterrestres violets appelés "Boovs"En route!
27%
2019Une jeune fille doit aider un yéti à rejoindre sa maison, le Mont EverestAbominable
18%

Distribution des résultats

Percentile par nombre de réponses

% des personnes avec chaque résultat

Votre développement - résultats

Vous n’avez pas pris ce quiz